| 000 | 00944nam a22002417a 4500 | ||
|---|---|---|---|
| 003 | OSt | ||
| 005 | 20240530110418.0 | ||
| 008 | 150309s2007 ua a f b 001 0 eng d | ||
| 020 | _a9789774160769 | ||
| 035 | _a(OCoLC)680623888 | ||
| 040 |
_aEG-CaGPL _cEG-CaGPL |
||
| 082 | 0 | 4 |
_221 _a930.10283 _bCC/K V |
| 100 | 1 | _aKolataj, Wojciech. | |
| 245 | 1 | 0 |
_aVilla of the birds : _bthe excavation and preservation of the Kom al-Dikka mosaics / _cWojciech Kolataj, Grzegorz Majcherek, and Ewa Parandowska. |
| 260 |
_acairo : _bAmerican University in Cairo Press , _c2007 |
||
| 300 |
_ax, 126, [8] p. of plates _bill. |
||
| 490 | 1 |
_aAmerican Research Center in Egypt Conservation series _v3 |
|
| 500 | _a"An American Research Center in Egypt edition." | ||
| 650 | 0 | _aExcavations (Archaeology) | |
| 700 | 1 | _aMajcherek, Grzegorz. | |
| 856 | _uhttp://ez.urosario.edu.co/login?url=http://site.ebrary.com/lib/urosario/Doc?id=10413298 | ||
| 942 |
_2ddc _cBK |
||
| 999 |
_c60590 _d60590 |
||